| 000 | 00655nam a2200217Ii 4500 | ||
|---|---|---|---|
| 003 | JO-AjNU | ||
| 008 | 230606s9999||||xx |||||||||||||| ||und|| | ||
| 020 | _a978-3-030-44073-2 | ||
| 040 |
_aJO-AjNU _beng _erda _cJO-AjNU |
||
| 041 | _aeng | ||
| 050 | 1 | 4 | _aQA154.2.2020 |
| 100 | 3 |
_aSlinko,Arkadii, _eauthor _96240 |
|
| 245 | 0 | 0 | _aAlgebra for Applications: Cryptography,Secret Sharing,Error-Correcting,Fingerprinting,Compression |
| 250 | _a2th ed | ||
| 264 | 3 | 1 | _aNew Zealand: Springer,2020 |
| 300 | _a368p | ||
| 336 |
_atext _btxt _2rdacontent |
||
| 337 |
_aunmediated _bn _2rdamedia |
||
| 338 |
_avolume _bnc _2rdacarrier |
||
| 650 | 4 |
_aAlgebra _96241 |
|
| 999 |
_aE3238 _c3234 _d3234 |
||